Logo

Description automatically generated
विद्यार्जन
 संसाधन केंद्र, भारतीय प्रौद्योगिकी संस्थान इन्दौर
Learning Resource Center, Indian Institute of Technology Indore

ऑनलाइन सार्वजनिक अभिगम प्रसूची
Online Public Access Catalogue (OPAC)

Lady Chatterley's lover (Record no. 57378)

MARC details
000 -LEADER
fixed length control field 00647nam a2200217Ia 4500
005 - DATE AND TIME OF LATEST TRANSACTION
control field 20260704175958.0
008 - FIXED-LENGTH DATA ELEMENTS--GENERAL INFORMATION
fixed length control field 260704s9999||||xx |||||||||||||| ||und||
020 ## - INTERNATIONAL STANDARD BOOK NUMBER
International Standard Book Number 9780141037424
Qualifying information pbk
082 ## - DEWEY DECIMAL CLASSIFICATION NUMBER
Classification number 823.912
Item number LAW
100 ## - MAIN ENTRY--PERSONAL NAME
Personal name Lawrence, D. H.
245 #0 - TITLE STATEMENT
Title Lady Chatterley's lover
250 ## - EDITION STATEMENT
Edition statement 1st pub. 1928
260 ## - PUBLICATION, DISTRIBUTION, ETC.
Place of publication, distribution, etc. Victoria
Name of publisher, distributor, etc. Penguin Books/ Penguin Group (Australia)
Date of publication, distribution, etc. 2008
300 ## - PHYSICAL DESCRIPTION
Extent 314p. ; 18cm.
653 ## - INDEX TERM--UNCONTROLLED
Uncontrolled term Adultery--Fiction
653 ## - INDEX TERM--UNCONTROLLED
Uncontrolled term England -- Social conditions -- 20th century -- Fiction
653 ## - INDEX TERM--UNCONTROLLED
Uncontrolled term Gamekeepers--Fiction
653 ## - INDEX TERM--UNCONTROLLED
Uncontrolled term Gamekeepers--Fiction
653 ## - INDEX TERM--UNCONTROLLED
Uncontrolled term Married women--Fiction
942 ## - ADDED ENTRY ELEMENTS (KOHA)
Koha item type Book
Holdings
Withdrawn status Lost status Damaged status Not for loan Home library Current library Shelving location Date acquired Source of acquisition Total Checkouts Full call number Barcode Date last seen Price effective from Koha item type
        LRC, IIT Indore LRC, IIT Indore 2nd Floor - General Stack 04/07/2026 Gratis Book Price: INR 195.00   823.912 LAW G2603 04/07/2026 04/07/2026 Book
Copyright © 2017-2026 Indian Institute of Technology Indore. All Rights Reserved.
Managed & maintained by Learning Resource Center, IIT Indore